[Event "EU-ch Online U2300 Qual"]
[Site "Chess.com INT"]
[Date "2020.05.25"]
[Round "4"]
[White "Anfinogenov, Artem"]
[Black "Abozenko, Georg"]
[Result "0-1"]
[WhiteElo "2054"]
[BlackElo "2058"]
[PlyCount "60"]
[EventDate "2020.05.25"]
[EventType "swiss"]
[EventRounds "8"]
[EventCountry "NET"]
[SourceTitle "EXT 2021"]
[Source "ChessBase"]
[SourceDate "2020.10.23"]
[SourceVersion "1"]
[SourceVersionDate "2020.10.23"]
[SourceQuality "1"]

1. d4 Nf6 2. c4 c5 3. d5 e6 4. Nc3 exd5 5. cxd5 g6 6. e4 d6 7. Nf3 a6 8. Bf4 b5 9. Qe2 Bg7 10. e5 dxe5 11. Qxe5+ Qe7 12. 0-0-0 Nh5 13. Qxe7+ Kxe7 14. Be3 Nd7 15. Ne4 c4 16. Bd4 Bb7 17. Nc5 Bxd4 18. Re1+ Kd6 19. Nxb7+ Kc7 20. Na5 Bc5 21. Nc6 Rhe8 22. Rd1 Bxf2 23. g3 Nhf6 24. Nb4 Bc5 25. Nc2 Nb6 26. Nb4 Bxb4 27. Bg2 Rad8 28. a3 Bc5 29. Ng5 Be3+ 30. Kb1 Bxg5 0-1

[Event "EU-ch blitz"]
[Site "Katowice"]
[Date "2017.12.15"]
[Round "3"]
[White "Abozenko, Georg"]
[Black "Fedorchuk, Sergey A"]
[Result "0-1"]
[WhiteElo "2034"]
[BlackElo "2648"]
[PlyCount "68"]
[EventDate "2017.12.15"]
[EventType "swiss (blitz)"]
[EventRounds "22"]
[EventCountry "POL"]
[SourceTitle "CBM 182 Extra"]
[Source "ChessBase"]
[SourceDate "2018.02.23"]
[SourceVersion "1"]
[SourceVersionDate "2018.02.23"]
[SourceQuality "1"]

1. d4 Nf6 2. c4 e6 3. Nf3 Bb4+ 4. Nbd2 a5 5. e3 b6 6. Be2 Bb7 7. 0-0 0-0 8. a3 Be7 9. b3 d5 10. Bb2 Nbd7 11. Qc2 c5 12. Rac1 Rc8 13. Qb1 Rc7 14. Rfd1 Qa8 15. cxd5 exd5 16. dxc5 bxc5 17. Nd4 Rfc8 18. Nf5 Bf8 19. Bf3 a4 20. Qa1 axb3 21. Nxb3 d4 22. Bxb7 Qxb7 23. Na5 Qd5 24. Ng3 c4 25. Bxd4 Qxa5 26. Bc3 Qxa3 27. Qb1 Qc5 28. Nf5 Rb8 29. Qc2 Rb3 30. Ba1 Rd3 31. Rxd3 cxd3 32. Qxc5 Nxc5 33. Rd1 Nd5 34. Bd4 Nb3 0-1

[Event "EST-ch"]
[Site "Tallinn"]
[Date "2016.01.27"]
[Round "3"]
[White "Abozenko, Georg"]
[Black "Vorobjov, Pavel"]
[Result "0-1"]
[WhiteElo "2020"]
[BlackElo "2207"]
[PlyCount "54"]
[EventDate "2016.01.26"]
[EventType "swiss"]
[EventRounds "9"]
[EventCountry "EST"]
[SourceTitle "CBM 170 Extra"]
[Source "ChessBase"]
[SourceDate "2016.02.25"]
[SourceVersion "1"]
[SourceVersionDate "2016.02.25"]
[SourceQuality "1"]

1. d4 Nf6 2. c4 e5 3. Nf3 Bb4+ 4. Bd2 Bxd2+ 5. Qxd2 e4 6. Ng5 d5 7. e3 h6 8. Nh3 Bxh3 9. gxh3 0-0 10. cxd5 Nxd5 11. Nc3 Nxc3 12. Qxc3 Nd7 13. Rg1 Nf6 14. Bc4 c6 15. 0-0-0 Nd5 16. Qb3 Qd7 17. Rg3 b5 18. Bxd5 cxd5 19. Rdg1 g6 20. h4 Rfc8+ 21. Kb1 Qf5 22. Qxb5 Rc4 23. Qb7 Rac8 24. Qxa7 R8c7 25. Qb8+ Kh7 26. R3g2 Qf3 27. Qb3 Qxg2 0-1

[Event "EST-ch"]
[Site "Tallinn"]
[Date "2016.01.26"]
[Round "1"]
[White "Abozenko, Georg"]
[Black "Shishkov, Andrei"]
[Result "0-1"]
[WhiteElo "2020"]
[BlackElo "2370"]
[PlyCount "100"]
[EventDate "2016.01.26"]
[EventType "swiss"]
[EventRounds "9"]
[EventCountry "EST"]
[SourceTitle "CBM 170 Extra"]
[Source "ChessBase"]
[SourceDate "2016.02.25"]
[SourceVersion "1"]
[SourceVersionDate "2016.02.25"]
[SourceQuality "1"]

1. d4 Nf6 2. c4 e6 3. Nc3 Bb4 4. Nf3 b6 5. Bg5 Bb7 6. Qc2 h6 7. Bxf6 Qxf6 8. e4 Qg6 9. Nd2 0-0 10. 0-0-0 Bxc3 11. bxc3 d6 12. f4 f5 13. exf5 exf5 14. Rg1 Be4 15. Bd3 Bxd3 16. Qxd3 Qg4 17. Rdf1 Nc6 18. h3 Qh4 19. g4 Rae8 20. g5 hxg5 21. Qf3 Nd8 22. Rxg5 Re1+ 23. Kc2 Rxf1 24. Nxf1 Ne6 25. Qd5 Rf6 26. Rxf5 Rxf5 27. Qxf5 Nxf4 28. Nd2 Qh7 29. Qxh7+ Kxh7 30. Kb3 Nxh3 31. Kb4 a6 32. c5 dxc5+ 33. dxc5 g5 34. cxb6 cxb6 35. Ne4 Kg6 36. Nxg5 Nxg5 37. a4 Ne6 38. a5 b5 39. c4 bxc4 40. Kxc4 Kf6 41. Kd5 Ke7 42. Kc6 Kd8 43. Kb6 Nc7 44. Kc6 Kc8 45. Kb6 Kb8 46. Kc6 Na8 47. Kd7 Kb7 48. Kd6 Nc7 49. Kc5 Nb5 50. Kd5 Na7 0-1

[Event "EST-ch"]
[Site "Tallinn"]
[Date "2015.05.15"]
[Round "4"]
[White "Sirosh, Ilja"]
[Black "Abozenko, Georg"]
[Result "1-0"]
[WhiteElo "2344"]
[BlackElo "2020"]
[PlyCount "181"]
[EventDate "2015.05.12"]
[EventType "tourn"]
[EventRounds "7"]
[EventCountry "EST"]
[EventCategory "1"]
[SourceTitle "CBM 166 Extra"]
[Source "ChessBase"]
[SourceDate "2015.06.18"]
[SourceVersion "1"]
[SourceVersionDate "2015.06.18"]
[SourceQuality "1"]

1. Nf3 d5 2. d4 c5 3. c4 Nf6 4. cxd5 cxd4 5. Nxd4 Nxd5 6. e4 Nf6 7. Nc3 e5 8. Bb5+ Bd7 9. Nf3 Bb4 10. Qb3 Bxc3+ 11. bxc3 0-0 12. 0-0 Be6 13. Qa4 Qc7 14. Ba3 Rd8 15. Ng5 Bd7 16. Be7 Bxb5 17. Bxd8 Qd7 18. Qb3 Bxf1 19. Rxf1 Nc6 20. Rd1 Qe8 21. Bxf6 gxf6 22. Nf3 Rd8 23. h3 Rxd1+ 24. Qxd1 Qd8 25. Qe2 Qa5 26. Nh4 Ne7 27. Qg4+ Kf8 28. Qd7 Qc5 29. Nf3 Ng6 30. Qxb7 Qxc3 31. Qxa7 Qc1+ 32. Kh2 Qf4+ 33. Kg1 Qc1+ 34. Kh2 Qf4+ 35. Kh1 Qc1+ 36. Ng1 Nf4 37. Qe3 Qf1 38. Qa3+ Ke8 39. Qf3 Nd3 40. Kh2 Ne1 41. Qg3 Qc4 42. Nf3 Nd3 43. Nd2 Qd4 44. Qe3 Nxf2 45. Qxd4 exd4 46. Kg3 Nd3 47. Nb3 Nb4 48. a4 d3 49. Kf2 Kd7 50. Ke3 Kd6 51. Kd4 Kc6 52. g3 Kb6 53. Kc4 d2 54. Nxd2 Ka5 55. Kb3 Nd3 56. Nc4+ Ka6 57. Nd6 Nf2 58. h4 Kb6 59. Kc4 Kc6 60. Nxf7 Nxe4 61. g4 Nd2+ 62. Kd3 Nf3 63. h5 Kd5 64. Ke3 Nd4 65. Kf4 Ke6 66. Nh6 Nb3 67. Nf5 Kf7 68. Nd6+ Ke6 69. Nc4 Nc5 70. a5 Kd5 71. Ne3+ Ke6 72. Nf5 Nd3+ 73. Ke3 Nc5 74. Kf4 Nd3+ 75. Kf3 Nc5 76. Nd4+ Kd5 77. Ne2 Ke5 78. Nf4 Kd4 79. Ne2+ Ke5 80. Ng3 Na6 81. Ne4 Nc7 82. Nc5 Kd5 83. Nd7 Ke6 84. Nb8 Ke5 85. a6 f5 86. a7 fxg4+ 87. Kxg4 h6 88. Nd7+ Kd6 89. Nb6 Kc6 90. a8Q+ Nxa8 91. Nxa8 1-0

[Event "EST-ch"]
[Site "Tallinn"]
[Date "2015.05.14"]
[Round "3"]
[White "Abozenko, Georg"]
[Black "Narva, Mai"]
[Result "0-1"]
[WhiteElo "2020"]
[BlackElo "2195"]
[PlyCount "58"]
[EventDate "2015.05.12"]
[EventType "tourn"]
[EventRounds "7"]
[EventCountry "EST"]
[EventCategory "1"]
[SourceTitle "CBM 166 Extra"]
[Source "ChessBase"]
[SourceDate "2015.06.18"]
[SourceVersion "1"]
[SourceVersionDate "2015.06.18"]
[SourceQuality "1"]

1. d4 Nf6 2. Bg5 d5 3. Bxf6 exf6 4. Nf3 Bd6 5. e3 Bg4 6. c4 dxc4 7. Bxc4 0-0 8. Nc3 Nd7 9. 0-0 c6 10. Rc1 Bc7 11. Be2 f5 12. h3 Bh5 13. d5 Qe7 14. dxc6 bxc6 15. Nd4 Qe5 16. g3 Bxe2 17. Ncxe2 c5 18. Nb5 Nf6 19. Nxc7 Qxc7 20. b4 Ne4 21. Qc2 Rad8 22. bxc5 Rd2 23. Qc4 Qc6 24. Nd4 Qg6 25. Ne2 Qh5 26. Rc2 Qxh3 27. c6 Ng5 28. f3 Nxf3+ 29. Kf2 Ne5 0-1

[Event "EST-ch sf"]
[Site "Tallinn"]
[Date "2015.03.06"]
[Round "3"]
[White "Kukk, Sander"]
[Black "Abozenko, Georg"]
[Result "1-0"]
[WhiteElo "2184"]
[BlackElo "1984"]
[PlyCount "59"]
[EventDate "2015.03.05"]
[EventType "swiss"]
[EventRounds "7"]
[EventCountry "EST"]
[SourceTitle "CBM 165 Extra"]
[Source "ChessBase"]
[SourceDate "2015.04.21"]
[SourceVersion "1"]
[SourceVersionDate "2015.04.21"]
[SourceQuality "1"]

1. b4 d5 2. Bb2 Qd6 3. a3 e5 4. e3 Be6 5. Nf3 Nd7 6. d4 e4 7. Nfd2 Nh6 8. c4 c6 9. Nc3 Be7 10. cxd5 cxd5 11. Nb5 Qb6 12. Rc1 0-0 13. Nc7 Rac8 14. Nxe6 Qxe6 15. Nb3 b6 16. Ba6 Rxc1 17. Qxc1 f5 18. Qc7 Bd6 19. Qxa7 f4 20. Bc1 fxe3 21. Bxe3 Ng4 22. h3 Nxe3 23. fxe3 Qh6 24. Kd2 Rf2+ 25. Be2 Nf8 26. Qxb6 Ne6 27. Re1 Bc7 28. Qc6 Rxg2 29. Qe8+ Nf8 30. Rf1 1-0

[Event "Keres Memorial rap qual 24th"]
[Site "Tallinn"]
[Date "2015.01.09"]
[Round "1"]
[White "Korneev, Oleg"]
[Black "Abozenko, Georg"]
[Result "1/2-1/2"]
[WhiteElo "2591"]
[BlackElo "1984"]
[PlyCount "62"]
[EventDate "2015.01.09"]
[EventType "swiss (rapid)"]
[EventRounds "7"]
[EventCountry "EST"]
[SourceTitle "CBM 164 Extra"]
[Source "ChessBase"]
[SourceDate "2015.03.02"]
[SourceVersion "1"]
[SourceVersionDate "2015.03.02"]
[SourceQuality "1"]

1. e4 d5 2. exd5 Nf6 3. Nf3 Nxd5 4. d4 Bg4 5. Be2 e6 6. 0-0 Be7 7. c4 Nb6 8. Nc3 Nc6 9. Be3 Bxf3 10. Bxf3 Nxc4 11. Bxc6+ bxc6 12. Qa4 Nb6 13. Qxc6+ Qd7 14. Qxd7+ Kxd7 15. Rac1 Rhb8 16. Rfd1 Nd5 17. Nxd5 exd5 18. Bf4 Bd6 19. Bxd6 Kxd6 20. Rc2 Rb4 21. b3 a5 22. f3 a4 23. Rd3 axb3 24. axb3 Ra1+ 25. Kf2 Rb1 26. Rdc3 Rb7 27. Rc6+ Kd7 28. R6c5 Kd6 29. Rc6+ Kd7 30. R6c5 Kd6 31. Rc6+ Kd7 1/2-1/2

[Event "Tallinn op"]
[Site "Tallinn"]
[Date "2014.02.22"]
[Round "2"]
[White "Abozenko, Georg"]
[Black "Jezov, Roman"]
[Result "0-1"]
[WhiteElo "1947"]
[BlackElo "2196"]
[PlyCount "82"]
[EventDate "2014.02.21"]
[EventType "swiss"]
[EventRounds "7"]
[EventCountry "EST"]
[SourceTitle "CBM 159 Extra"]
[Source "ChessBase"]
[SourceDate "2014.04.24"]
[SourceVersion "1"]
[SourceVersionDate "2014.04.24"]
[SourceQuality "1"]

1. d4 Nf6 2. c4 c5 3. d5 e6 4. Nc3 exd5 5. cxd5 d6 6. Nf3 g6 7. h3 Bg7 8. Bf4 0-0 9. Nd2 Ne8 10. Nc4 Nd7 11. Bxd6 Nxd6 12. Nxd6 Qb6 13. Nc4 Qxb2 14. Nxb2 Bxc3+ 15. Qd2 Bxd2+ 16. Kxd2 Nf6 17. Na4 Ne4+ 18. Ke1 b5 19. Nb2 Bb7 20. a4 a6 21. f3 Ng3 22. Rg1 Bxd5 23. e4 Nxf1 24. Rxf1 Bb3 25. Kd2 Rfd8+ 26. Kc3 Be6 27. axb5 axb5 28. Rfd1 b4+ 29. Kc2 c4 30. Ra4 Rdb8 31. Rda1 Rxa4 32. Rxa4 Bd7 33. Ra7 Bb5 34. Nd1 Rd8 35. Ra5 Bc6 36. Nb2 Rd4 37. Rc5 c3 38. Rxc6 Rd2+ 39. Kc1 Rxb2 40. Rc4 Rxg2 41. Rxb4 Rf2 0-1

[Event "Keres Memorial-B"]
[Site "Tallinn"]
[Date "2013.01.19"]
[Round "9"]
[White "Abozenko, Georg"]
[Black "Malinin, Yuri"]
[Result "0-1"]
[WhiteElo "1915"]
[BlackElo "2282"]
[PlyCount "92"]
[EventDate "2013.01.13"]
[EventType "tourn"]
[EventRounds "9"]
[EventCountry "EST"]
[SourceTitle "CBM 152 Extra"]
[Source "ChessBase"]
[SourceDate "2013.02.25"]
[SourceVersion "1"]
[SourceVersionDate "2013.02.25"]
[SourceQuality "1"]

1. d4 Nf6 2. c4 e6 3. Nf3 d5 4. g3 dxc4 5. Qa4+ Nbd7 6. Bg2 a6 7. Qxc4 b5 8. Qc6 Rb8 9. Bf4 Nd5 10. Bg5 Be7 11. Bxe7 Qxe7 12. Nc3 Nb4 13. Qxc7 Nc2+ 14. Kf1 Nxa1 15. Ne5 Qd8 16. Qxd8+ Kxd8 17. Nxf7+ Ke7 18. Nxh8 Nc2 19. Be4 Bb7 20. d5 b4 21. Nd1 Bxd5 22. Bxc2 Bxh1 23. f3 Rxh8 24. Kg1 Bxf3 25. exf3 h6 26. Kf2 Rc8 27. Ne3 Ne5 28. b3 Rc3 29. Ke2 g5 30. h3 Rc5 31. f4 gxf4 32. gxf4 Nf7 33. Bd3 Ra5 34. Nc2 Rxa2 35. Kd1 Rb2 36. Nd4 Rf2 37. Nc6+ Kd6 38. Nxb4 a5 39. Nc2 Rxf4 40. Ne3 Ne5 41. Bf1 Rf2 42. Be2 Kc5 43. Bg4 Kd4 44. Nc2+ Kc3 45. Ne3 Kd3 46. Ke1 Kxe3 0-1

[Event "Vaksali Raua Memorial 46th"]
[Site "Vaksali"]
[Date "2012.07.07"]
[Round "1"]
[White "Ehlvest, Jaan"]
[Black "Abozenko, Georg"]
[Result "1-0"]
[WhiteElo "2596"]
[BlackElo "1915"]
[PlyCount "105"]
[EventDate "2012.07.07"]
[EventType "swiss (rapid)"]
[EventRounds "7"]
[EventCountry "EST"]
[SourceTitle "CBM 149 Extra"]
[Source "ChessBase"]
[SourceDate "2012.08.24"]
[SourceVersion "1"]
[SourceVersionDate "2012.08.24"]
[SourceQuality "1"]

1. e4 d5 2. exd5 Nf6 3. c4 e6 4. dxe6 Bxe6 5. Nf3 Nc6 6. Be2 Bc5 7. 0-0 Nd4 8. Nxd4 Qxd4 9. d3 0-0-0 10. Nd2 Bb6 11. Nf3 Qd6 12. d4 Bxd4 13. Nxd4 Qxd4 14. Qb3 Qb6 15. Qa3 a6 16. Be3 Qd6 17. Qxd6 Rxd6 18. Rfd1 Rhd8 19. Rxd6 Rxd6 20. f3 Bf5 21. Bf4 Rd4 22. Bg5 Ne8 23. g4 Be6 24. b3 f5 25. h3 h6 26. Be3 Rd7 27. Kf2 fxg4 28. hxg4 Nf6 29. Re1 Kd8 30. Bd1 Ke7 31. Bc2 Kf7 32. Bf4 Re7 33. Rd1 Ke8 34. Bg6+ Bf7 35. Bf5 b6 36. Bc8 a5 37. Bb7 Be6 38. Ba6 Kf8 39. Rd8+ Kf7 40. Bb5 Nh7 41. Bc6 Nf6 42. Bb5 Nh7 43. Rb8 Nf6 44. Rb7 g5 45. Bg3 h5 46. gxh5 g4 47. Rxc7 gxf3 48. Rxe7+ Kxe7 49. Kxf3 Bg4+ 50. Ke3 Bd7 51. Bh4 Bxb5 52. cxb5 Ke6 53. Bxf6 1-0

[Event "EU Union-ch U14 8th"]
[Site "Mureck"]
[Date "2010.08.09"]
[Round "6"]
[White "Abozenko, Georg"]
[Black "Markoja, Sebastijan"]
[Result "1-0"]
[WhiteElo "1823"]
[BlackElo "1931"]
[PlyCount "95"]
[EventDate "2010.08.04"]
[EventType "swiss"]
[EventRounds "9"]
[EventCountry "AUT"]
[SourceTitle "CBM 138 Extra"]
[Source "ChessBase"]
[SourceDate "2010.10.29"]
[SourceVersion "1"]
[SourceVersionDate "2010.10.29"]
[SourceQuality "1"]

1. d4 Nf6 2. c4 g6 3. Nc3 Bg7 4. e4 d6 5. f3 0-0 6. Be3 c5 7. d5 e6 8. Bd3 exd5 9. cxd5 a6 10. a4 Nbd7 11. Nh3 Ne5 12. Nf2 Rb8 13. 0-0 Re8 14. Be2 h5 15. h3 Qc7 16. Qd2 Nh7 17. Rfe1 Qe7 18. Bf1 Qd8 19. Be2 f5 20. f4 Nf7 21. exf5 Bxf5 22. g4 hxg4 23. hxg4 Bd7 24. Bd3 Nf8 25. Qc2 Nh8 26. Nce4 Qe7 27. Kg2 b5 28. axb5 Bxb5 29. Bxb5 axb5 30. Ra6 Nf7 31. Rea1 Qb7 32. Rc6 Rbc8 33. Raa6 Rxc6 34. Rxc6 Rd8 35. Qd2 b4 36. f5 Qe7 37. f6 Bxf6 38. Nxf6+ Qxf6 39. Bxc5 Ne5 40. Bxb4 Qf3+ 41. Kg1 Nxc6 42. dxc6 Qxc6 43. Bc3 Rd7 44. Qd4 Rh7 45. Ne4 Nd7 46. Kf2 Rf7+ 47. Kg3 Ne5 48. Qxd6 1-0

[Event "Tallinn-ch final"]
[Site "Tallinn"]
[Date "2010.??.??"]
[Round "6"]
[White "Abozenko, Georg"]
[Black "Haitin, Ilja"]
[Result "1/2-1/2"]
[WhiteElo "1843"]
[BlackElo "2267"]
[PlyCount "90"]
[EventDate "2010.12.10"]
[EventType "tourn"]
[EventRounds "9"]
[EventCountry "EST"]
[SourceTitle "EXT 2018"]
[Source "ChessBase"]
[SourceDate "2017.10.13"]
[SourceVersion "1"]
[SourceVersionDate "2017.10.13"]
[SourceQuality "1"]

1. d4 f5 2. c4 Nf6 3. Nc3 e6 4. Nf3 Bb4 5. Bg5 0-0 6. e3 Bxc3+ 7. bxc3 h6 8. Bh4 Qe8 9. Be2 d6 10. 0-0 Nc6 11. h3 Ne4 12. Qc2 e5 13. Rae1 Kh8 14. Nd2 Nxd2 15. Qxd2 Na5 16. Rb1 b6 17. c5 dxc5 18. dxc5 Bb7 19. cxb6 axb6 20. Rfd1 Qc6 21. f3 Nc4 22. Bxc4 Qxc4 23. Rb4 Qxa2 24. Qxa2 Rxa2 25. Rd7 Ra1+ 26. Kf2 g5 27. Rxc7 Ra2+ 28. Kg1 Bxf3 29. gxf3 gxh4 30. Rxh4 Rf6 31. Kf1 Rd6 32. Ke1 Ra1+ 33. Ke2 Ra2+ 34. Ke1 Kg8 35. e4 Rg6 36. Kf1 Rd6 37. Ke1 Rg6 38. Kf1 f4 39. Rg4 Rxg4 40. hxg4 Rc2 41. c4 b5 42. c5 b4 43. Rb7 Rxc5 44. Rxb4 Kg7 45. Rb6 Ra5 1/2-1/2

[Event "Tallinn-ch final"]
[Site "Tallinn"]
[Date "2010.??.??"]
[Round "3"]
[White "Abozenko, Georg"]
[Black "Karner, Hillar"]
[Result "0-1"]
[WhiteElo "1843"]
[BlackElo "2273"]
[PlyCount "74"]
[EventDate "2010.12.10"]
[EventType "tourn"]
[EventRounds "9"]
[EventCountry "EST"]
[SourceTitle "EXT 2018"]
[Source "ChessBase"]
[SourceDate "2017.10.13"]
[SourceVersion "1"]
[SourceVersionDate "2017.10.13"]
[SourceQuality "1"]

1. d4 Nf6 2. c4 e6 3. Nf3 Bb4+ 4. Bd2 Qe7 5. e3 Bxd2+ 6. Qxd2 d6 7. Nc3 0-0 8. Be2 Re8 9. 0-0 e5 10. Qc2 Bg4 11. Rfe1 c6 12. Ng5 Bxe2 13. Rxe2 Nbd7 14. Rd1 h6 15. Nf3 e4 16. Ne1 a5 17. d5 c5 18. a3 Nb6 19. b3 a4 20. Rb1 Ra6 21. Nb5 axb3 22. Qxb3 Ng4 23. Rc2 Ne5 24. Rc3 Rea8 25. Kf1 f5 26. Qc2 Ra4 27. f3 Nbxc4 28. f4 Ng4 29. Rbb3 Nb6 30. Rxc5 dxc5 31. d6 Qf7 32. Nc7 Rxa3 33. Rxa3 Rxa3 34. Qxc5 Nd7 35. Qxa3 Qc4+ 36. Kg1 Qe2 37. Qa2+ Qxa2 0-1

[Event "Tallinn-ch final"]
[Site "Tallinn"]
[Date "2010.??.??"]
[Round "1"]
[White "Abozenko, Georg"]
[Black "Tuul, Tarmo"]
[Result "1/2-1/2"]
[WhiteElo "1843"]
[BlackElo "1987"]
[PlyCount "54"]
[EventDate "2010.12.10"]
[EventType "tourn"]
[EventRounds "9"]
[EventCountry "EST"]
[SourceTitle "EXT 2018"]
[Source "ChessBase"]
[SourceDate "2017.10.13"]
[SourceVersion "1"]
[SourceVersionDate "2017.10.13"]
[SourceQuality "1"]

1. d4 Nf6 2. c4 c5 3. d5 e5 4. Nc3 d6 5. e4 Be7 6. f3 0-0 7. Be3 Ne8 8. Bd3 Bg5 9. Bf2 Na6 10. h4 Be7 11. Nge2 Bd7 12. g4 Rb8 13. h5 Nec7 14. Ng3 b5 15. cxb5 Nxb5 16. Bxb5 Bxb5 17. Nf5 Bd7 18. Qd2 Bxf5 19. gxf5 Qb6 20. b3 Nc7 21. 0-0-0 Qa5 22. Na4 Qxd2+ 23. Kxd2 Bg5+ 24. Kc2 Ne8 25. Nb2 Nf6 26. Nc4 Rfd8 27. Rdg1 h6 1/2-1/2

[Event "Tallinn-ch final"]
[Site "Tallinn"]
[Date "2010.??.??"]
[Round "7"]
[White "Valgmae, Toomas"]
[Black "Abozenko, Georg"]
[Result "0-1"]
[WhiteElo "2190"]
[BlackElo "1843"]
[PlyCount "106"]
[EventDate "2010.12.10"]
[EventType "tourn"]
[EventRounds "9"]
[EventCountry "EST"]
[SourceTitle "EXT 2018"]
[Source "ChessBase"]
[SourceDate "2017.10.13"]
[SourceVersion "1"]
[SourceVersionDate "2017.10.13"]
[SourceQuality "1"]

1. d4 d5 2. c4 c6 3. Nf3 Nf6 4. e3 Bg4 5. Qb3 Qb6 6. Qxb6 axb6 7. Ne5 Be6 8. Nc3 Nbd7 9. f4 dxc4 10. Nxc4 b5 11. Nd2 b4 12. Nd1 Rxa2 13. Rxa2 Bxa2 14. b3 e6 15. Ke2 Be7 16. Kd3 0-0 17. Kc2 c5 18. Kb2 Ra8 19. Bb5 Ra5 20. Nc4 Rxb5 21. Kxa2 cxd4 22. exd4 Rd5 23. Bb2 b5 24. Nce3 Rd6 25. Nf2 Nd5 26. Nxd5 Rxd5 27. Nd3 h5 28. Rc1 Nb6 29. Rc6 Rd6 30. Nxb4 Rxc6 31. Nxc6 Bd6 32. g3 Nd5 33. Ba3 b4 34. Bc1 Kh7 35. Kb2 Kg6 36. Kc2 h4 37. Kd3 hxg3 38. hxg3 Kf5 39. Nd8 f6 40. Bd2 Bc7 41. g4+ Kxg4 42. Nxe6 Bxf4 43. Nxf4 Nxf4+ 44. Ke4 f5+ 45. Ke5 Nd3+ 46. Ke6 f4 47. d5 f3 48. Be3 Nf4+ 49. Ke5 Nxd5 50. Kxd5 Kh3 51. Kc4 g5 52. Kxb4 g4 53. Kc5 g3 0-1

[Event "Wch U14"]
[Site "Kemer"]
[Date "2009.11.15"]
[Round "4"]
[White "Abozenko, Georg"]
[Black "Marjanovic, Dejan"]
[Result "1/2-1/2"]
[WhiteElo "1797"]
[BlackElo "2032"]
[PlyCount "58"]
[EventDate "2009.11.12"]
[EventType "swiss"]
[EventRounds "11"]
[EventCountry "TUR"]
[SourceTitle "EXT 2010"]
[Source "ChessBase"]
[SourceDate "2010.11.25"]
[SourceVersion "1"]
[SourceVersionDate "2010.11.25"]
[SourceQuality "1"]

1. d4 Nf6 2. c4 g6 3. Nc3 Bg7 4. Bg5 0-0 5. e3 d6 6. Nf3 Nbd7 7. Be2 c6 8. 0-0 Re8 9. h3 e5 10. Qc2 exd4 11. exd4 Nf8 12. Rfe1 Ne6 13. Bh4 Nf4 14. Bf1 Bf5 15. Rxe8+ Qxe8 16. Qb3 Qd7 17. Re1 Re8 18. Bxf6 Rxe1 19. Nxe1 Bxf6 20. g4 Qe7 21. Nf3 Be4 22. Nxe4 Qxe4 23. Qe3 d5 24. cxd5 cxd5 25. g5 Bg7 26. b3 Qf5 27. Kh2 h6 28. h4 hxg5 29. hxg5 Qxg5 1/2-1/2

[Event "Wch U14"]
[Site "Kemer"]
[Date "2009.11.12"]
[Round "1"]
[White "Tesik, Csaba"]
[Black "Abozenko, Georg"]
[Result "1-0"]
[WhiteElo "2185"]
[BlackElo "1797"]
[PlyCount "66"]
[EventDate "2009.11.12"]
[EventType "swiss"]
[EventRounds "11"]
[EventCountry "TUR"]
[SourceTitle "EXT 2010"]
[Source "ChessBase"]
[SourceDate "2010.11.25"]
[SourceVersion "1"]
[SourceVersionDate "2010.11.25"]
[SourceQuality "1"]

1. e4 d5 2. exd5 Nf6 3. d4 Nxd5 4. Nf3 Bg4 5. h3 Bh5 6. Be2 e6 7. 0-0 Be7 8. c4 Nb6 9. Nc3 Nc6 10. b3 Bf6 11. Be3 Bxf3 12. Bxf3 Nxd4 13. Bxb7 Rb8 14. Be4 c5 15. Rc1 Rc8 16. Qd3 Qd7 17. Rfd1 Rd8 18. Nb5 Qe7 19. Bxd4 Bxd4 20. Bc6+ Kf8 21. Nxd4 Rxd4 22. Qg3 Rxd1+ 23. Rxd1 g6 24. a4 Kg7 25. a5 Rc8 26. Bb5 Na8 27. Rd7 Qf6 28. Rxa7 Rd8 29. Qf3 Qa1+ 30. Kh2 Qe5+ 31. g3 Nc7 32. Qf4 Qe1 33. Qxc7 Rd1 1-0